000 00438nam a22001817a 4500
003 MPLRDC
005 20220104123434.0
008 210129b ||||| |||| 00| 0 eng d
082 _a411.1 TJS
100 _a谭继山编译
245 _a室内运动健康法
_c
250 _a初版
260 _a
_b星光出版社
_c1980
300 _b
490 _a双子星丛书. 109
650 _a运动与健康
942 _cBK
_o411.1 TJS
999 _c11431
_d11421